The business organization and its environment (Record no. 79049)

MARC details
000 -LEADER
fixed length control field 01798nam a2200253 a 4500
008 - FIXED-LENGTH DATA ELEMENTS--GENERAL INFORMATION
fixed length control field 120416s1979 ||||||||||||||||| || u
050 ## - LIBRARY OF CONGRESS CALL NUMBER
Classification number HD 31 Gle
100 ## - MAIN ENTRY--PERSONAL NAME
Personal name Glew, Matthew
245 14 - TITLE STATEMENT
Title The business organization and its environment
246 ## -
-- book 2
260 ## - PUBLICATION, DISTRIBUTION, ETC.
Place of publication, distribution, etc. London
Name of publisher, distributor, etc. Heinemann
Date of publication, distribution, etc. 1979
350 ## -
-- 0.00
650 #0 - SUBJECT ADDED ENTRY--TOPICAL TERM
Topical term or geographic name entry element MANAGEMENT
700 ## - ADDED ENTRY--PERSONAL NAME
Personal name Wells, Ronald
995 ## -
-- ANNEX COLLECTION (Main Library)
-- 0.00
-- 719598
-- CBU-MAIN LIBRARY (Kitwe)
-- 6
-- 2.95
-- HD 31 Gle
-- 9
-- AVAILABLE
-- 000477
-- Annex Low-Usage Collection
995 ## -
-- ANNEX COLLECTION (Main Library)
-- 0.00
-- 709027
-- CBU-MAIN LIBRARY (Kitwe)
-- 3
-- 2.95
-- HD 31 Gle
-- 5
-- AVAILABLE
-- 000473
-- Annex Low-Usage Collection
995 ## -
-- ANNEX COLLECTION (Main Library)
-- 0.00
-- 719601
-- CBU-MAIN LIBRARY (Kitwe)
-- 8
-- 2.95
-- HD 31 Gle
-- 2
-- AVAILABLE
-- 000470
-- Annex Low-Usage Collection
995 ## -
-- ANNEX COLLECTION (Main Library)
-- 0.00
-- 709034
-- CBU-MAIN LIBRARY (Kitwe)
-- 4
-- 2.95
-- HD 31 Gle
-- 3
-- AVAILABLE
-- 000471
-- Annex Low-Usage Collection
995 ## -
-- ANNEX COLLECTION (Main Library)
-- 0.00
-- 709028
-- CBU-MAIN LIBRARY (Kitwe)
-- 1
-- 2.95
-- HD 31 Gle
-- 4
-- AVAILABLE
-- 000472
-- Annex Low-Usage Collection
995 ## -
-- ANNEX COLLECTION (Main Library)
-- 0.00
-- 719105
-- CBU-MAIN LIBRARY (Kitwe)
-- 7
-- 2.95
-- HD 31 Gle
-- 8
-- AVAILABLE
-- 000476
-- Annex Low-Usage Collection
995 ## -
-- ANNEX COLLECTION (Main Library)
-- 0.00
-- 719104
-- CBU-MAIN LIBRARY (Kitwe)
-- 5
-- 2.95
-- HD 31 Gle
-- 6
-- AVAILABLE
-- 000474
-- Annex Low-Usage Collection
995 ## -
-- ANNEX COLLECTION (Main Library)
-- 0.00
-- 719103
-- CBU-MAIN LIBRARY (Kitwe)
-- 9
-- 2.95
-- HD 31 Gle
-- 7
-- AVAILABLE
-- 000475
-- Annex Low-Usage Collection
995 ## -
-- ANNEX COLLECTION (Main Library)
-- 0.00
-- 709033
-- CBU-MAIN LIBRARY (Kitwe)
-- 2
-- 2.95
-- HD 31 Gle
-- 1
-- AVAILABLE
-- 000469
-- Annex Low-Usage Collection
999 ## -
-- 79049
-- 79049

No items available.